000 00825nam a22002057a 4500
999 _c19004
_d19004
003 AR-CdUCM
008 190516b ||||| |||| 00| 0 spa d
040 _aMUNICIPALIDAD PROVINCIAL DEL CUSCO
_cBIBLIOTECA MUNICIPAL DEL CUSCO
082 _a363 /
_bM27
100 _aMaskre, Andrew
_940029
245 _aEl manejo popular de los desastres naturales : estudios de vulnerabilidad y mitigación /
_bEstudios de vulnerabilidad y mitigación /
260 _aLima :
_bTecnología intermedia,
_c1989.
300 _a208 páginas ;
_c21 cm.
505 _aContenido : Vulnerabilidades -- El estudio de los desastres naturales -- Vulnerabilidad sísmica en Lima Metropolitana ...
650 _aVulnerabilidad
_940030
650 _aDesastres
_95673
650 _aNaturales
_940031
942 _2ddc
_cLIBROS
945 _arah
_d2019/05/16